000 00681nam a2200289Ia 4500
005 20260324134404.0
008 008 260324s9999 xx 000 0 eng d
020 _a9781315130316
037 _aEBOOK
040 _aCRL
040 _beng
040 _cCRL
041 _2eng
041 _aeng
084 _qCRL
100 _aJames Wirtz
_91196631
245 0 _aStrategic Denial and Deception
245 4 _bThe Twenty-First Century Challenge
260 _bTaylor and Francis
260 _c2002
365 _a
365 _b230
856 _uhttp://www.taylorfrancis.com/books/9781315130316
942 _cEBOOK
999 _c1796676
_d1796676